000 00500nam a2200181 a 4500
001 000018693
005 20200929165835.0
008 100513s1971 ht r 000 f spa d
040 _aDO-SdBNP
_bspa
_cBNPHU
082 _a843.914
_bV599m
100 1 _aVialar, Paul
_d1898-1996
_917639
245 1 0 _aMon seul amour /
_cPaul Vialar.
260 _aParĂ­s :
_bFlammarion,
_c1971.
300 _a297 p. ;
_c20 cm.
650 4 _aNovela francesa
_91075
650 4 _aLiteratura francesa
_91074
049 _aBNGR
999 _c18213
_d18213